| 000 | 00814nas a2200265 4500 | ||
|---|---|---|---|
| 001 | BR0104840 | ||
| 003 | BR-BrBNA | ||
| 005 | 20231205102533.0 | ||
| 007 | ta | ||
| 008 | 230509b bl.|||p| |||| 00| 00por d | ||
| 040 |
_aBR-BrBNA _bpor _cBiblioteca Nacional de Agricultura |
||
| 041 | _a(Pt) | ||
| 072 | _aQ52 | ||
| 100 | 1 | _aRodrigues, A.M. | |
| 100 | 1 | _aSant'Anna, E.S. | |
| 245 | 1 | _aEfeito do cloreto de sodio na producao de proteinas (Saccharomyces cerevisiae)em fermentacao semi-solida | |
| 650 | _aLevedo | ||
| 650 | _aProteina | ||
| 650 | _aCloreto de Sodio | ||
| 650 | _aFermentacao | ||
| 650 | _aRacao | ||
| 773 | 0 |
_tCiencia e Tecnologia de Alimentos (Brazil) _xISSN 0101-2061 _g(Jan-Apr 2001), v. 21(1) p. 57-62 _wBR0104840 |
|
| 909 |
_a202311 _bLúcia _c55 _dLúcia Elande |
||
| 942 |
_2AGRIS _n0 _cANA |
||
| 999 |
_c168061 _d168061 |
||